Statistics for Most Capped Footballers for Serbia

Click here to take the quiz!

General Stats

  • This quiz has been taken 67 times
  • The average score is 8 of 25

Answer Stats

CapsYearsAnswer% Correct
16612013-Aleksandar Mitrović
75%
11052005-2018Branislav Ivanović
74%
4942008-Aleksandar Kolarov
68%
21031998-2013Dejan Stanković
64%
16611946-1956Branko Stanković
60%
6841983-2001Dragan Stojković
55%
9732008-Dušan Tadić
55%
6842006-2018Vladimir Stojković
51%
9731989-2003Predrag Mijatović
47%
31021994-2008Savo Milošević
47%
5851964-1979Dragan Džajić
32%
15631991-2003Siniša Mihajlović
30%
20591994-2004Darko Kovačević
23%
8762007-2016Zoran Tošić
21%
20591946-1957Rajko Mitić
15%
20592007-2019Antonio Rukavina
13%
12651946-1956Stjepan Bobek
13%
14641991-2002Slaviša Jokanović
8%
20591950-1959Vladimir Beara
6%
20591995-2003Zoran Mirković
4%
12651951-1961Branko Zebec
2%
19601946-1956Ivica Horvat
2%
20591948-1957Bernard Vukas
0%
16611982-1992Faruk Hadžibegić
0%
11701979-1990Zlatko Vujović
0%

Score Distribution

Percentile by Number Answered

Percent of People with Each Score

Your Score History

You have not taken this quiz